000 00590nam a2200205Ia 4500
003 GCL
008 140319s9999 xx 000 0 ara d
040 _aGCL /
_cGCL
082 0 4 _a811.06
_bع.ق
100 1 _aعبدالكريم الجيلى
245 1 0 _aقصيدة النادرات الفنية /
_cعبدالكريم الجيلى
700 1 _aيوسف زيدان
260 _a[S.N] :
_bدار الجيل ،
_c1988
300 _a207 ص
490 _a
650 0 4 _aالشعر الدينى
650 0 4 _aالشعر الصوفى
650 0 4 _aاسلاميات
942 _2ddc
_cBK
999 _c54353
_d54353